000
00236nam a2200097Ia 4500
001
643370
005
20250826153544.0
008
250824s9999 xx 000 0 und d
245
0
_a
MAVİ MADALYON
_c
YILMAZ ERDOĞAN
260
_b
GENÇ TİMAŞ
999
_c
643370
_d
643370